[Event "GER-chT U20 Girls"]
[Site "Magdeburg"]
[Date "2023.12.27"]
[Round "1.9"]
[White "Sokyrko, Sofiia"]
[Black "Pikki, Daria"]
[Result "0-1"]
[WhiteElo "1456"]
[BlackElo "1649"]
[PlyCount "82"]
[EventDate "2023.12.26"]
[EventType "team-swiss"]
[EventRounds "7"]
[EventCountry "GER"]
[SourceTitle "CBM 218 Extra"]
[Source "ChessBase"]
[SourceDate "2024.03.31"]
[SourceVersion "1"]
[SourceVersionDate "2024.03.31"]
[SourceQuality "1"]
[WhiteTeam "Stuttgart Strateg"]
[BlackTeam "Koenigsjaeger Sued West"]
[WhiteTeamCountry "GER"]
[BlackTeamCountry "GER"]

1. e4 e5 2. Nf3 Nc6 3. d4 exd4 4. Bc4 Bc5 5. c3 Nf6 6. 0-0 Nxe4 7. cxd4 Be7 8. d5 Na5 9. Bd3 Nd6 10. b4 Nac4 11. Bxc4 Nxc4 12. Qd4 Bf6 13. Re1+ Kf8 14. Qxc4 Bxa1 15. Nc3 Bxc3 16. Qxc3 d6 17. Nd4 Bd7 18. Ne6+ Bxe6 19. dxe6 fxe6 20. Rxe6 Kf7 21. Re4 Re8 22. Rf4+ Kg8 23. Bb2 Qe7 24. Re4 Qd7 25. Rd4 Re7 26. h3 Qe6 27. Qg3 Qxa2 28. Bc3 Rf8 29. f3 Qc2 30. f4 Qc1+ 31. Kh2 Qe3 32. Rd3 Qxg3+ 33. Kxg3 Re6 34. Kf3 g5 35. g3 Rh6 36. Kg4 gxf4 37. gxf4 Kf7 38. f5 Rg8+ 39. Kf4 Rh4+ 40. Ke3 Rxh3+ 41. Kd4 Rg4+ 0-1

[Event "DSOL 06 Liga Gr-A 1st"]
[Site "Playchess.com INT"]
[Date "2020.06.24"]
[Round "1.2"]
[White "Pikki, Daria"]
[Black "Ritter, Wolfgang"]
[Result "1-0"]
[WhiteElo "1482"]
[BlackElo "1509"]
[PlyCount "41"]
[EventDate "2020.06.22"]
[EventType "team-tourn (rapid)"]
[EventCountry "GER"]
[SourceTitle "EXT 2021"]
[Source "ChessBase"]
[SourceDate "2020.10.23"]
[SourceVersion "1"]
[SourceVersionDate "2020.10.23"]
[SourceQuality "1"]
[WhiteTeam "Weisse Dame II"]
[BlackTeam "Drewer SG"]
[WhiteTeamCountry "GER"]
[BlackTeamCountry "GER"]

1. d4 e6 2. c4 Nf6 3. Nc3 c6 4. Nf3 Bb4 5. Qc2 0-0 6. Bg5 d5 7. e3 Nbd7 8. Bd3 h6 9. Bh4 Qc7 10. 0-0 Be7 11. cxd5 cxd5 12. Nxd5 Qxc2 13. Nxe7+ Kh8 14. Bxc2 b6 15. Nxc8 Raxc8 16. Rac1 Nd5 17. e4 Nb4 18. Ba4 Nb8 19. Be7 Rxc1 20. Rxc1 Rg8 21. Bxb4 1-0